00251nam a22000857a 4500082002900000245002700029260004100056300003100097526003700128 a372.623bMCCcL-29 P-104 aWriting With a Purpose aCambriogebThe Ribersioe Pressc1957 axiv, 607 P :bill :c32 Cm a0b0c0d372_623000000000000_MCC